[Event "POL-chT 2nd League"]
[Site "Jastrzebia Gora"]
[Date "2023.09.05"]
[Round "4.78"]
[White "Kostecka, Marika"]
[Black "Sivickis, Wiktoria"]
[Result "1/2-1/2"]
[WhiteElo "1928"]
[BlackElo "1684"]
[PlyCount "87"]
[EventDate "2023.09.02"]
[EventType "team-swiss"]
[EventRounds "9"]
[EventCountry "POL"]
[SourceTitle "EXT 2024"]
[Source "ChessBase"]
[SourceDate "2023.10.10"]
[SourceVersion "1"]
[SourceVersionDate "2023.10.10"]
[SourceQuality "1"]
[WhiteTeam "Lipno Steszew"]
[BlackTeam "Torun UMK"]
[WhiteTeamCountry "POL"]
[BlackTeamCountry "POL"]

1. e4 c5 2. Nf3 d6 3. d4 cxd4 4. Nxd4 Nf6 5. Nc3 a6 6. Be3 Ng4 7. Bc1 Nf6 8. f3 e5 9. Nb3 Be6 10. Be3 Be7 11. Qd2 b5 12. g4 d5 13. exd5 Nxd5 14. Nxd5 Bxd5 15. Bg2 Bh4+ 16. Bf2 Bg5 17. Be3 Bh4+ 18. Bf2 Bg5 19. Qd3 0-0 20. Rd1 Bc6 21. Qxd8 Rxd8 22. Rxd8+ Bxd8 23. Nc5 Ba5+ 24. c3 Nd7 25. Nxd7 Bxd7 26. 0-0 Bc6 27. Rd1 Rd8 28. Rxd8+ Bxd8 29. h4 Be7 30. Bg3 Bc5+ 31. Kf1 f6 32. Bf2 Bxf2 33. Kxf2 Kf7 34. Bf1 Ke6 35. Bd3 g6 36. Ke3 f5 37. Bc2 fxg4 38. fxg4 Kd6 39. Bd3 Kc5 40. Bc2 Kd6 41. Bd3 Kc5 42. h5 gxh5 43. gxh5 h6 44. Bg6 1/2-1/2

[Event "POL-ch rapid (Women)"]
[Site "Bydgoszcz"]
[Date "2020.12.13"]
[Round "1"]
[White "Kubicka, Anna"]
[Black "Sivickis, Wiktoria"]
[Result "1-0"]
[WhiteElo "2256"]
[BlackElo "1708"]
[PlyCount "47"]
[EventDate "2020.12.13"]
[EventType "swiss (rapid)"]
[EventRounds "9"]
[EventCountry "POL"]
[SourceTitle "CBM 199 Extra"]
[Source "ChessBase"]
[SourceDate "2021.01.31"]
[SourceVersion "1"]
[SourceVersionDate "2021.01.31"]
[SourceQuality "1"]

1. e4 c5 2. Ne2 Nc6 3. g3 e6 4. Bg2 d5 5. 0-0 Nf6 6. exd5 exd5 7. d4 cxd4 8. Nxd4 Bc5 9. Re1+ Ne7 10. Bg5 Qb6 11. c3 0-0 12. Nd2 Bxd4 13. cxd4 Nf5 14. Nb3 Be6 15. Bxf6 gxf6 16. Nc5 Rfe8 17. Qd2 Rac8 18. Rac1 Nd6 19. b3 Qd8 20. Qf4 b6 21. Nxe6 fxe6 22. Rxc8 Nxc8 23. Bh3 Kf7 24. Qh6 1-0

[Event "Wloclawek CC Classic 21st"]
[Site "Wloclawek"]
[Date "2018.??.??"]
[Round "7"]
[White "Sivickis, Wiktoria"]
[Black "Jablonski, Mariusz"]
[Result "1/2-1/2"]
[WhiteElo "1582"]
[BlackElo "2114"]
[PlyCount "45"]
[EventDate "2018.06.??"]
[EventType "swiss"]
[EventRounds "7"]
[EventCountry "POL"]
[SourceTitle "EXT 2021"]
[Source "ChessBase"]
[SourceDate "2020.10.23"]
[SourceVersion "1"]
[SourceVersionDate "2020.10.23"]
[SourceQuality "1"]

1. d4 Nf6 2. Bf4 g6 3. e3 Bg7 4. Nf3 0-0 5. Be2 d6 6. h3 e6 7. 0-0 Qe7 8. Nbd2 Nd5 9. Bh2 f5 10. c4 Nf6 11. Qc2 Nc6 12. a3 a5 13. Rac1 h6 14. c5 Ne8 15. cxd6 Nxd6 16. Nc4 Nxc4 17. Bxc4 Kh7 18. Rfd1 Rd8 19. Bb5 Bd7 20. Qc5 Qxc5 21. Rxc5 Rdc8 22. Bxc6 Bxc6 23. Ne5 1/2-1/2

[Event "Wloclawek-ch"]
[Site "Wloclawek"]
[Date "2017.??.??"]
[Round "3"]
[White "Muzalewski, Slawomir"]
[Black "Sivickis, Wiktoria"]
[Result "0-1"]
[WhiteElo "1421"]
[BlackElo "1483"]
[PlyCount "118"]
[EventDate "2017.10.??"]
[EventType "swiss"]
[EventRounds "9"]
[EventCountry "POL"]
[SourceTitle "EXT 2021"]
[Source "ChessBase"]
[SourceDate "2020.10.23"]
[SourceVersion "1"]
[SourceVersionDate "2020.10.23"]
[SourceQuality "1"]

1. e4 c5 2. Nf3 g6 3. d4 cxd4 4. Nxd4 Bg7 5. Bc4 Nc6 6. c3 Nf6 7. f3 Qb6 8. Nxc6 dxc6 9. Qe2 Nd7 10. Be3 Qc7 11. Nd2 b5 12. Bd3 0-0 13. 0-0 Ne5 14. Bc2 Rd8 15. Rad1 Be6 16. b3 Qa5 17. Bb1 Qxc3 18. Rc1 Qa5 19. f4 Ng4 20. Nf3 Nxe3 21. Qxe3 Qc7 22. Qc5 Rac8 23. f5 gxf5 24. exf5 Rd5 25. Qf2 Bxf5 26. Kh1 Bxb1 27. Rxb1 Rcd8 28. Rbe1 e6 29. Qh4 h6 30. Re4 Kf8 31. Rf4 Rf5 32. Re4 Qe7 33. Qe1 Qd6 34. Qe3 c5 35. Re1 Qd3 36. Qc1 Rdd5 37. R4e3 Rxf3 38. Rxd3 Rfxd3 39. Qf4 Rd6 40. Rf1 f6 41. h3 R3d4 42. Qf3 R6d5 43. Qe2 e5 44. Qxb5 e4 45. Qb8+ Kf7 46. Qxa7+ Kg6 47. Re1 f5 48. Qb8 Rd6 49. Qe8+ Kh7 50. a4 Ra6 51. Qf7 Rf6 52. Qe7 Rdd6 53. Re3 Rfe6 54. Qf7 Rf6 55. Qc4 Rfe6 56. g4 Bd4 57. gxf5 Re7 58. Rg3 Rg7 59. Rxg7+ Kxg7 0-1

[Event "Wloclawek CC Classic 18th"]
[Site "Wloclawek"]
[Date "2017.??.??"]
[Round "3"]
[White "Sivickis, Wiktoria"]
[Black "Darowicki, Mariusz"]
[Result "0-1"]
[WhiteElo "1432"]
[BlackElo "1963"]
[PlyCount "124"]
[EventDate "2017.04.??"]
[EventType "swiss"]
[EventRounds "7"]
[EventCountry "POL"]
[SourceTitle "EXT 2021"]
[Source "ChessBase"]
[SourceDate "2020.10.23"]
[SourceVersion "1"]
[SourceVersionDate "2020.10.23"]
[SourceQuality "1"]

1. d4 d5 2. c4 Nc6 3. Nc3 dxc4 4. e3 e5 5. d5 Nce7 6. Bxc4 Nf5 7. Nf3 Bd6 8. e4 Nh4 9. Nxh4 Qxh4 10. Bb5+ Kf8 11. Be3 Nf6 12. g3 Qh3 13. Bf1 Qd7 14. Bg5 Be7 15. Qd2 h6 16. Bxf6 Bxf6 17. 0-0-0 Be7 18. Kb1 a6 19. f4 Bd6 20. Bg2 f6 21. Rhf1 Kg8 22. fxe5 Bxe5 23. Ne2 Kh7 24. Nd4 Bxd4 25. Qxd4 Qd6 26. Rfe1 Re8 27. Bf3 Bd7 28. Qd3 Re5 29. Qb3 b6 30. Qc3 Rc8 31. h4 c6 32. dxc6 Qxc6 33. Qd3 Be6 34. Rc1 Qa4 35. b3 Rxc1+ 36. Rxc1 Qb4 37. Qc3 Qa3 38. Qb2 Qd6 39. Rd1 Qc6 40. Rc1 Rc5 41. Rxc5 Qxc5 42. Qc1 Qf2 43. Qf4 Qe1+ 44. Kc2 Qa1 45. Qc1 Qxa2+ 46. Qb2 Bxb3+ 47. Kc3 Qxb2+ 48. Kxb2 Ba4 49. Ka3 Bc6 50. Kb4 Kg8 51. Be2 a5+ 52. Kc4 a4 53. Kb4 Kf8 54. Bd1 Ke7 55. Bxa4 Bxa4 56. Kxa4 Ke6 57. Kb5 Ke5 58. Kxb6 Kxe4 59. g4 Kf4 60. g5 fxg5 61. hxg5 hxg5 62. Kc5 g4 0-1

[Event "Wloclawek-ch"]
[Site "Wloclawek"]
[Date "2017.??.??"]
[Round "4"]
[White "Sivickis, Wiktoria"]
[Black "Sztuka, Cezary"]
[Result "1-0"]
[WhiteElo "1483"]
[BlackElo "1544"]
[PlyCount "139"]
[EventDate "2017.10.??"]
[EventType "swiss"]
[EventRounds "9"]
[EventCountry "POL"]
[SourceTitle "EXT 2021"]
[Source "ChessBase"]
[SourceDate "2020.10.23"]
[SourceVersion "1"]
[SourceVersionDate "2020.10.23"]
[SourceQuality "1"]

1. d4 e6 2. c4 f5 3. Nc3 Nf6 4. Bg5 Be7 5. Nf3 0-0 6. Bxf6 Rxf6 7. e4 fxe4 8. Nxe4 Bb4+ 9. Nc3 Bxc3+ 10. bxc3 b6 11. Be2 Bb7 12. 0-0 Nc6 13. d5 Ne7 14. dxe6 Rxe6 15. Nd4 Rg6 16. Bf3 Bxf3 17. Qxf3 Rf6 18. Qe4 Nc6 19. Nxc6 Rxc6 20. Qd5+ Kh8 21. Rad1 Rd6 22. Qe4 Rxd1 23. Rxd1 d6 24. Re1 Rb8 25. Qc6 h6 26. Re3 a6 27. a4 Qc8 28. h3 Qb7 29. Qd7 Rf8 30. Re7 Qc8 31. Rxg7 Qxd7 32. Rxd7 Rc8 33. f4 d5 34. cxd5 b5 35. axb5 a5 36. Re7 a4 37. Re2 Ra8 38. Ra2 Ra5 39. c4 a3 40. Kf2 Ra4 41. Ke3 Rxc4 42. Rxa3 Kg7 43. Rd3 Rc5 44. Kd4 Rxb5 45. Ke5 c6 46. Kd6 cxd5 47. Rxd5 Rb2 48. g4 Rh2 49. Rd3 Kf6 50. Kd7 Rf2 51. Rd6+ Kg7 52. f5 Rf3 53. Ke7 Rf4 54. f6+ Kg6 55. f7+ Kg7 56. f8Q+ Rxf8 57. Rxh6 Ra8 58. Rh5 Ra7+ 59. Kd6 Ra6+ 60. Kc7 Ra7+ 61. Kb6 Ra3 62. h4 Rc3 63. g5 Kg6 64. Rh6+ Kg7 65. Rc6 Rh3 66. Rc4 Kg6 67. Kc5 Rg3 68. Kd5 Kh5 69. Ke5 Re3+ 70. Re4 1-0

[Event "POL-chT3 Kujawsko Pomorskie 1516"]
[Site "Poland"]
[Date "2016.03.13"]
[Round "8"]
[White "Sivickis, Wiktoria"]
[Black "Karwowska, Danuta"]
[Result "1/2-1/2"]
[WhiteElo "1313"]
[BlackElo "1247"]
[PlyCount "174"]
[EventDate "2015.11.08"]
[EventType "team-tourn"]
[EventRounds "9"]
[EventCountry "POL"]
[SourceTitle "EXT 2019"]
[Source "ChessBase"]
[SourceDate "2018.10.10"]
[SourceVersion "1"]
[SourceVersionDate "2018.10.10"]
[SourceQuality "1"]

1. d4 e6 2. Bf4 d5 3. e3 c5 4. c3 cxd4 5. Qxd4 Nc6 6. Bb5 Bd7 7. Bxc6 Bxc6 8. Nf3 Nf6 9. Bg5 Be7 10. Nbd2 0-0 11. 0-0-0 h6 12. Bf4 a5 13. h4 a4 14. Be5 Bd6 15. Bxf6 Qxf6 16. Qxf6 gxf6 17. g4 e5 18. Rdg1 Kh7 19. g5 e4 20. Nd4 Bd7 21. Nf1 Rg8 22. gxh6 Rxg1 23. Rxg1 Rg8 24. Ng3 f5 25. Nde2 Bf8 26. Nf4 Be6 27. Rd1 Bd6 28. Nxd5 Bxg3 29. Nf6+ Kxh6 30. Nxg8+ Kg7 31. fxg3 Kxg8 32. Rd4 b5 33. a3 Kg7 34. Kd2 Bc4 35. Ke1 Kg6 36. Kf2 Kh5 37. Kg2 Be2 38. Rd8 Bf3+ 39. Kh2 Be2 40. Rg8 Kh6 41. Rd8 Kh5 42. Rd5 Kg6 43. h5+ Kxh5 44. Rxf5+ Kg6 45. Rf4 f5 46. Kh3 Kg5 47. Rf2 Bd3 48. Rf4 Be2 49. Kg2 Bc4 50. Kf2 Be6 51. g4 Kf6 52. gxf5 Bxf5 53. Ke2 Ke5 54. Kd2 Be6 55. Ke2 Bc4+ 56. Kf2 Be6 57. Kg3 Bf5 58. Kh4 Be6 59. Kg5 Bh3 60. Rf6 Be6 61. Rf8 Bh3 62. Rd8 Bg2 63. Rd4 Bf1 64. Kg6 Bd3 65. Kg5 Be2 66. Rd8 Bd3 67. Re8+ Kd5 68. Kf5 Bc2 69. Re5+ Kc4 70. Kf4 Kb3 71. Rxb5+ Ka2 72. Rb4 Bb3 73. Kxe4 Kxb2 74. c4 Kxa3 75. Rxa4+ Bxa4 76. c5 Kb4 77. Kd5 Be8 78. e4 Kb5 79. Kd6 Ka6 80. c6 Kb6 81. c7 Kb7 82. e5 Kc8 83. e6 Bg6 84. Kc6 Be8+ 85. Kb6 Bg6 86. Kc6 Be8+ 87. Kd6 Bg6 1/2-1/2

[Event "Wloclawek CC Classic 16th"]
[Site "Wloclawek "]
[Date "2016.??.??"]
[Round "1"]
[White "Cichocki, Konrad"]
[Black "Sivickis, Wiktoria"]
[Result "1/2-1/2"]
[WhiteElo "1889"]
[BlackElo "1477"]
[PlyCount "95"]
[EventDate "2016.04.??"]
[EventType "swiss"]
[EventRounds "7"]
[EventCountry "POL"]
[SourceTitle "EXT 2021"]
[Source "ChessBase"]
[SourceDate "2020.10.23"]
[SourceVersion "1"]
[SourceVersionDate "2020.10.23"]
[SourceQuality "1"]

1. d4 Nf6 2. c4 c5 3. Nf3 g6 4. g3 Bg7 5. Bg2 d6 6. dxc5 Qa5+ 7. Bd2 Qxc5 8. 0-0 Nbd7 9. Na3 0-0 10. Rc1 a6 11. Qb3 Rb8 12. Be3 Qc7 13. Rfd1 Nc5 14. Bxc5 Qxc5 15. e3 Bg4 16. h3 Bd7 17. Nc2 Qa5 18. Ncd4 Rfc8 19. Nd2 b5 20. Qd3 b4 21. N2b3 Qb6 22. g4 Ba4 23. f4 Nd7 24. Qe4 e5 25. Nf3 Bc6 26. Qc2 Bxf3 27. Bxf3 Qxe3+ 28. Qf2 Qb6 29. Qxb6 Rxb6 30. fxe5 Bxe5 31. Rc2 Nc5 32. Nxc5 Rxc5 33. b3 Bf4 34. Rd5 Kf8 35. Kg2 Ke7 36. Re2+ Kd7 37. Rxc5 dxc5 38. Bd5 f6 39. Bg8 h6 40. Bh7 g5 41. Bf5+ Kd8 42. Re6 Rxe6 43. Bxe6 Ke7 44. Bc8 a5 45. Kf3 Kd6 46. Ke4 Be5 47. Kf5 Bc3 48. Be6 1/2-1/2

[Event "Wloclawek CC Classic 17th"]
[Site "Wloclawek"]
[Date "2016.??.??"]
[Round "4"]
[White "Kaczynski, Maciej"]
[Black "Sivickis, Wiktoria"]
[Result "1-0"]
[WhiteElo "1533"]
[BlackElo "1426"]
[PlyCount "89"]
[EventDate "2016.06.??"]
[EventType "swiss"]
[EventRounds "7"]
[EventCountry "POL"]
[SourceTitle "EXT 2021"]
[Source "ChessBase"]
[SourceDate "2020.10.23"]
[SourceVersion "1"]
[SourceVersionDate "2020.10.23"]
[SourceQuality "1"]

1. f4 Nc6 2. Nf3 Nf6 3. e3 d6 4. Be2 e5 5. fxe5 Nxe5 6. 0-0 Bd7 7. b3 Qe7 8. Bb2 0-0-0 9. Nc3 h5 10. Qe1 Rh6 11. a4 Nxf3+ 12. Bxf3 g5 13. Nb5 a6 14. Nd4 g4 15. Be2 Qe5 16. Rb1 Qg5 17. Bd3 h4 18. Bf5 Bxf5 19. Nxf5 Ne4 20. d3 Nc5 21. Nxh6 Bxh6 22. e4 h3 23. Rf5 Qe3+ 24. Qxe3 Bxe3+ 25. Kf1 Ne6 26. g3 Ng5 27. Ke2 Nf3 28. Rxf3 gxf3+ 29. Kxe3 f5 30. exf5 Rf8 31. f6 d5 32. Be5 c5 33. Kxf3 Kd7 34. Re1 b5 35. axb5 axb5 36. g4 c4 37. bxc4 bxc4 38. g5 Ke6 39. Kg4 Kf7 40. Kxh3 Kg6 41. Kg4 Rf7 42. h4 Rh7 43. Bd4 cxd3 44. cxd3 Rf7 45. h5+ 1-0

[Event "Wloclawek-ch"]
[Site "Wloclawek"]
[Date "2016.??.??"]
[Round "4"]
[White "Sivickis, Wiktoria"]
[Black "Lebiedzinski, Maciej"]
[Result "1-0"]
[WhiteElo "1368"]
[BlackElo "1551"]
[PlyCount "129"]
[EventDate "2016.09.??"]
[EventType "swiss"]
[EventRounds "9"]
[EventCountry "POL"]
[SourceTitle "EXT 2021"]
[Source "ChessBase"]
[SourceDate "2020.10.23"]
[SourceVersion "1"]
[SourceVersionDate "2020.10.23"]
[SourceQuality "1"]

1. d4 d5 2. c4 c6 3. cxd5 cxd5 4. Nc3 Nf6 5. Bf4 g6 6. Rc1 Bd7 7. e3 Qb6 8. Qd2 Nc6 9. Nf3 Bg7 10. a3 0-0 11. Na4 Ne4 12. Nxb6 Nxd2 13. Nxa8 Nxf3+ 14. gxf3 Rxa8 15. Bb5 a6 16. Bxc6 Bxc6 17. 0-0 f6 18. Rfd1 Rc8 19. e4 e6 20. exd5 exd5 21. Re1 Kf7 22. b4 g5 23. Bg3 h5 24. Bd6 Kg6 25. Bc5 Bh6 26. Rc2 Bb5 27. Rb2 Kf5 28. Rb3 g4 29. fxg4+ hxg4 30. f3 Rg8 31. fxg4+ Rxg4+ 32. Rg3 Re4 33. Rxe4 dxe4 34. d5 Bf4 35. Rh3 Ke5 36. Rh5+ f5 37. Rh3 Kxd5 38. Kf2 Be5 39. Rh7 f4 40. Rh5 e3+ 41. Bxe3 fxe3+ 42. Kxe3 Be8 43. Rh7 Bd4+ 44. Kf4 Bg6 45. Rxb7 Be5+ 46. Kg5 Kc6 47. Ra7 Kb6 48. Re7 Bxh2 49. Kxg6 Kb5 50. Re6 Bf4 51. Re1 a5 52. Rf1 Bc7 53. bxa5 Bxa5 54. Rf4 Bd2 55. Re4 Bc1 56. a4+ Ka5 57. Kf5 Bd2 58. Ke6 Bb4 59. Kd5 Kxa4 60. Kc4 Ka3 61. Re3+ Ka4 62. Rb3 Be7 63. Rb7 Bd8 64. Ra7+ Ba5 65. Ra8 1-0